Birds of the UK - Statistics

General Stats
  • This quiz has been taken 107 times
  • The average score is 30 of 40
Answer Stats
Picture Answer % Correct
Robin
99%
Magpie
97%
Blackbird
96%
Blue Tit
94%
Mallard
94%
Pheasant
93%
Great Tit
92%
Puffin
92%
Woodpigeon
92%
Canada Goose
89%
Goldfinch
88%
Jay
88%
Rook
88%
Swallow
86%
Kestrel
85%
Mute Swan
83%
Starling
83%
Jackdaw
82%
Black-Headed Gull
81%
Grey Heron
78%
Red Kite
78%
Greenfinch
75%
Carrion Crow
74%
Herring Gull
74%
Oystercatcher
72%
Swift
72%
Buzzard
69%
House Sparrow
65%
Avocet
64%
Common Gull
64%
Feral Pigeon
63%
Teal
63%
Shoveler
54%
Wigeon
53%
Guillemot
51%
Pochard
51%
Skylark
51%
Redshank
50%
Grey Partridge
49%
Pintail
39%
No matching quizzes found
Score Distribution
Percent of People with Each Score
Percentile by Number Answered
Your Score History
You have not taken this quiz